000 00714nam a2200229Ia 4500
005 20250508164144.0
008 008 250505s9999 xx 000 0 eng d
020 _a0-471-52376-3
037 _aTextBook
040 _aFEDL
_beng
_cFEDL
041 _aeng
_2eng
084 _a152.8, CAR
_qFEDL
100 _aCarter Philip
_9748264
245 0 _aPsychometric testing: 1000 ways to assess your personality, creativity, intelligence and lateral thinking
260 _aChichester
_bJohn Wiley and Sons
_c2001
300 _a234p
490 _aIQ workout series
650 _aPsychometric testing
_9777510
700 _a Russell Ken
_9777511
942 _cTB
_h152.8, CAR
999 _c1387349
_d1387349